LEADER 01184nam a2200229 i 4500 001 000000332567 003 CaOOAMICUS 005 20250707115220.0 008 190212s2006 it a u000 u ita u 040 $aSeMil$bita 100 1 $aManzoni, Alessandro,$d<1785-1873>.$0(OLS)http://semarc/name/1162 245 10$a30.1: Carteggi familiari 1 /$ca cura di Mariella Goffredo De Robertis e Emanuela Sartorelli. 264 1$aMilano :$bCentro Nazionale Studi Manzoniani,$c2006. 300 $aXLV, 442 p., [3] carte di tav. :$bill. ;$c23 cm 700 1 $aSartorelli, Emanuela.$0(OLS)http://semarc/name/109047 700 1 $aGoffredo De Robertis, Mariella.$0(OLS)http://semarc/name/109048 773 0 $aManzoni, Alessandro <1785-1873>$tEdizione nazionale ed europea delle opere di Alessandro Manzoni.$dMilano : Centro Nazionale Studi Manzoniani, 2000-$g30.1$w()30030 850 $aSeMil 852 $aSeMil$W1$xVenegono$y1$m1F III 30/1.1$j210463$B224402$CSeMilBibl$Z2$F224402 $81 996 $6245$a30.1: Carteggi familiari 1$9(OLS)http://semarc/title/126463 996 $6264$aMilano :$bCentro Nazionale Studi Manzoniani$9(OLS)http://semarc/publisher/34813 LEADER 01132nam a2200265 4500 001 000000353670 003 CaOOAMICUS 005 20231102165655.0 008 230508s1987 xxk 000 u eng r 020 $a0-7073-0519-5 040 $aSeMil$bita 100 1 $aFiddes, Victor H.$0(OLS)http://semarc/name/117536 245 10$aScience and the gospel /$cVictor H. Fiddes. 264 1$aEdinburgh :$bScottish Academic Press,$c1987. 300 $aXII, 113 p. ;$c23 cm 490 1 $aTheology and science at the frontiers of knowledge ;$v7 650 4$aScienza e religione.$0(OLS)http://semarc/subject/40428 830 0$aTheology and science at the frontiers of knowledge ;$v7.$0(OLS)http://semarc/title/443720 850 $aSeMil 852 $aSeMil$W1$xVenegono$y1$m2B IV 234$j241530$B244891$CSeMilBibl$Z2$F244891 $81 961 $aPolezzo Stefanin - Lascito 996 $6020$a0-7073-0519-5$9(OLS)http://semarc/number/298083 996 $6245$aScience and the gospel$9(OLS)http://semarc/title/443780 996 $6264$aEdinburgh :$bScottish Academic Press$9(OLS)http://semarc/publisher/60956